MARC
| LEADER | 00000nam a2200000Ia 4500 | ||
|---|---|---|---|
| 008 | 170316s9999 xx 000 0 und d | ||
| 090 | |a F-810 B-7a | ||
| 100 | |a Becker, Stephen | ||
| 245 | 2 | |a A convenant with death | |
| 260 | |a New York, Estados Unidos | ||
| 260 | |b Atheneun | ||
| 260 | |c 1965 | ||
| 300 | |a 240 páginas | ||
| 650 | |a LITERATURA ESTADOUNIDENSE | ||
| 999 | |c 28728 |d 28728 | ||
| 040 | |a cru BVZT | ||
| 942 | |c 15 D |h F-810 B-7a |2 z | ||
